Southville International School and Colleges
Your cart is empty.
  • Cart
  • Lists
    Public lists list_1 View all
    Your lists Log in to create your own lists
  • Log in to your account
  • Your cookies
  • Search history
Southville International School and Colleges
  • Advanced search
  • Recent comments
  • Most popular
  • Libraries

Log in to your account

Log in with GOOGLE


If you do not have an external account, but do have a local account, you can still log in:

  1. Home
  2. MARC view: Analysis of investments and management of portfolios /
Normal view MARC view ISBD view

Analysis of investments and management of portfolios / (Record no. 340262)

[ view plain ]
MARC details
000 -LEADER
fixed length control field 00651nam a22001937a 4500
003 - CONTROL NUMBER IDENTIFIER
control field SISC
005 - DATE AND TIME OF LATEST TRANSACTION
control field 20170712150548.0
008 - FIXED-LENGTH DATA ELEMENTS--GENERAL INFORMATION
fixed length control field 170711b xxu||||| |||| 00| 0 eng d
020 ## - INTERNATIONAL STANDARD BOOK NUMBER
International Standard Book Number 9789814633710
050 ## - LIBRARY OF CONGRESS CALL NUMBER
Classification number HG 4529.5
Item number B877 2014
100 ## - MAIN ENTRY--PERSONAL NAME
Personal name Brown, Keith C.
245 ## - TITLE STATEMENT
Title Analysis of investments and management of portfolios /
Statement of responsibility, etc Keith C. Brown, Frank K. Reilly.
250 ## - EDITION STATEMENT
Edition statement 10th edition.
260 ## - PUBLICATION, DISTRIBUTION, ETC. (IMPRINT)
Place of publication, distribution, etc [Manila?] :
Name of publisher, distributor, etc Hiyas Press, Inc.,
Date of publication, distribution, etc 2014.
300 ## - PHYSICAL DESCRIPTION
Extent xxvi, 1067 pages :
Other physical details illustrations ;
Dimensions 26 cm.
500 ## - GENERAL NOTE
General note Includes appendices, bibliographic references, glossary, and index.
650 ## - SUBJECT ADDED ENTRY--TOPICAL TERM
Topical term or geographic name as entry element Portfolio management.
942 ## - ADDED ENTRY ELEMENTS (KOHA)
Source of classification or shelving scheme Library of Congress Classification
Koha item type Books
Holdings
Withdrawn status Lost status Source of classification or shelving scheme Damaged status Home library Current library Shelving location Date acquired Source of acquisition Total Checkouts Full call number Barcode Date last seen Price effective from Koha item type
    Library of Congress Classification   College Library College Library Reserve Section 07/11/2017 Library Fund   HG 4529.5 .B877 2014 C20980 05/15/2018 07/11/2017 Books

Analysis of investments and management of portfolios /

APA

Brown K. C., . (2014). Analysis of investments and management of portfolios. [Manila?]: Hiyas Press, Inc.

Chicago

Brown Keith C, . 2014. Analysis of investments and management of portfolios. [Manila?]: Hiyas Press, Inc.

Harvard

Brown K. C., . (2014). Analysis of investments and management of portfolios. [Manila?]: Hiyas Press, Inc.

MLA

Brown Keith C, . Analysis of investments and management of portfolios. [Manila?]: Hiyas Press, Inc. 2014.

  • Place hold
  • Print
  • Cite
  • Add to your cart (remove)
  • Save record
    BIBTEX Dublin Core MARCXML MARC (non-Unicode/MARC-8) MARC (Unicode/UTF-8) MARC (Unicode/UTF-8, Standard) MODS (XML) RIS
  • More searches
    Search for this title in:
    Other Libraries (WorldCat) Other Databases (Google Scholar) Online Stores (Bookfinder.com) Open Library (openlibrary.org)

Exporting to Dublin Core...

SOUTHVILLE LIBRARY

Southville International School and Colleges Library

1281 Tropical Ave. Cor. Luxembourg St., BF Homes International, Las Pinas City

Tel. No. 8256374 / 252358 Loc. 117/146

Powered by Koha